Forecasting with composite coincident and leading indexes and the CLIMA model case of Poland

Enregistré dans:
Détails bibliographiques
Auteur principal: Bialowolski, Piotr
Format: Livre
Langue:anglais
Publié: Warszawa Szkola Glówna Handlowa 2007
Sujets:
Tags: Ajouter un tag
Pas de tags, Soyez le premier à ajouter un tag!

MARC

LEADER 00000nam$a2200000$$$4500
001 0089484
005 20230224081755.5
020 |a 978-83-7378-322-5 
041 0 |a eng 
044 |a PL 
245 1 0 |a Forecasting with composite coincident and leading indexes and the CLIMA model  |b case of Poland  |c Piotr Bialowolski ... [et al.] 
264 1 |a Warszawa  |b Szkola Glówna Handlowa  |c 2007 
300 |a 99 s. 
610 2 0 |a cykly obchodné 
610 2 0 |a inflácia 
610 2 0 |a obdobie prechodné 
610 2 0 |a hospodárstvo trhové 
610 2 0 |a zamestnanosť 
610 2 0 |a nezamestnanosť 
610 2 0 |a modelovanie ekonometrické 
610 2 0 |a indexy 
610 2 0 |a analýzy 
610 2 0 |a modely makroekonomické 
610 2 0 |a modely prognostické 
610 2 0 |a politika hospodárska 
610 2 0 |a produkt domáci hrubý 
610 2 0 |a Poľsko 
100 1 |a Bialowolski, Piotr